000 01777cam a2200385 i 4500
001 20536490
003 TZ-ArACH
005 20240422151911.0
008 180606s2019 nyu b 001 0 eng c
010 _a 2018020020
020 _a9781138289239 (hardback)
020 _a9780367665425
020 _z9781315267296 (ebook)
020 _z9781351972628
_qebook
040 _aIEN/DLC
_beng
_cTZ-ArACH
_erda
_dDLC
042 _apcc
043 _af-sx---
_af-bs---
_af-rh---
050 0 0 _aKQC608
_b.B74 2019
100 1 _aBrett, Peter,
_d1985-
_eauthor.
245 1 0 _aHuman rights and the judicialisation of African politics /
_cPeter Brett.
260 _aLondon;
_aNew York:
_bRoutledge;
_c2019
300 _axi, 238 pages ;
_c25 cm.
490 1 _aRoutledge studies in African politics and international relations
504 _aIncludes bibliographical references (pages 179-230) and index.
505 0 _aPart One: Explaining judicialisation -- New norms: the impossible institutionalisation of corporate rights -- New courts: the rights revolution and the new terrain of international law -- New lawyers: South African advocates abroad -- Part Two: Case studies -- Who represents Namibians? -- Who is indigenous to Botswana? -- Who is a Zimbabwean?
650 0 _aPolitical questions and judicial power
_zAfrica.
650 0 _aJudicial process
_zAfrica.
651 0 _aNamibia
_xPolitics and government
_y21st century.
651 0 _aBotswana
_xPolitics and government
_y21st century.
651 0 _aZimbabwe
_xPolitics and government
_y21st century.
830 0 _aRoutledge studies on African politics and international relations.
906 _a7
_bcbc
_corignew
_d1
_eecip
_f20
_gy-gencatlg
942 _2lcc
_cBOOK
999 _c7033
_d7033